[Event "4NCL Online Division 4"]
[Site "online"]
[Date "2021.09.07"]
[EventDate "2021.09.07"]
[Round "2.83"]
[White "Bingham, James T"]
[WhiteElo "1689"]
[WhiteTeam "Braunstone 1"]
[Black "Patel, Zain"]
[BlackElo "1571"]
[BlackTeam "KCS U13A"]
[Result "1/2-1/2"]
[PlyCount "98"]

1. d4 Nf6 2. g3 g6 3. Bg2 Bg7 4. e4 d6 5. Ne2 O-O 6. c4 Nbd7 7. O-O e5 8. b4 exd4 9. Bb2 Re8 10. Qc2 c5 11. Nd2 Ne5 12. Nf4 g5 13. Nd3 Nfg4 14. h3 Nxd3 15. Qxd3 Ne5 16. Qc2 d3 17. Qb3 Be6 18. f4 Nc6 19. Bxg7 Kxg7 20. Qb2+ Kg8 21. f5 Bd7 22. b5 Nd4 23. a4 Qf6 24. Kh1 Qh6 25. Ra3 g4 26. Rxd3 gxh3 27. Bf3 a6 28. Bd1 axb5 29. axb5 h2 30. Rf4 Qh3 31. Rh4 Bxf5 32. Rxh3 Bxh3 33. g4 Bxg4 34. Bxg4 Re5 35. Rg3 Rg5 36. Kxh2 Rf8 37. Nf3 Nxf3+ 38. Bxf3 h6 39. Rxg5+ hxg5 40. Qf6 b6 41. Bg4 Re8 42. Bf5 Ra8 43. Qxg5+ Kf8 44. Qh6+ Ke7 45. Qg5+ Kf8 46. Bh7 Re8 47. Qh6+ Ke7 48. Bf5 Ra8 49. Qg5+ Kf8 1/2-1/2

[Event "4NCL Online Division 4"]
[Site "online"]
[Date "2021.09.07"]
[EventDate "2021.09.07"]
[Round "2.84"]
[White "Poghosyan, Jake"]
[WhiteElo "1488"]
[WhiteTeam "KCS U13A"]
[Black "Mehta, Sophie"]
[BlackElo "1344"]
[BlackTeam "Braunstone 1"]
[Result "1-0"]
[PlyCount "31"]

1. e4 c5 2. Nf3 d6 3. d4 Nc6 4. d5 Ne5 5. Nxe5 dxe5 6. f4 exf4 7. Bxf4 Nf6 8. Nc3 Bd7 9. e5 Ng8 10. e6 fxe6 11. dxe6 Bxe6 12. Qh5+ g6 13. Qe5 Qd4 14. Qxe6 Qxf4 15. Bb5+ Kd8 16. Qd7# 1-0

[Event "4NCL Online Division 4"]
[Site "online"]
[Date "2021.09.07"]
[EventDate "2021.09.07"]
[Round "2.91"]
[White "Smith, Andrew R"]
[WhiteElo "1692"]
[WhiteTeam "Morriston Benko"]
[Black "Nandi, Asoke K"]
[BlackElo "1407"]
[BlackTeam "Uxbridge Destroyers"]
[Result "0-1"]
[PlyCount "76"]

1. e4 e5 2. Nf3 Nc6 3. Bc4 Be7 4. c3 Nf6 5. d3 O-O 6. O-O d6 7. h3 Na5 8. Bb3 Nxb3 9. Qxb3 b6 10. Bg5 Bb7 11. Nbd2 Nd7 12. Bxe7 Qxe7 13. Rfe1 Nc5 14. Qc2 Ba6 15. c4 Bb7 16. b4 Ne6 17. a4 Qf6 18. Nf1 Nf4 19. Ng3 Nxh3+ 20. Kf1 Nf4 21. Nf5 Bc8 22. g3 Bxf5 23. gxf4 Bg4 24. Nh2 Bh3+ 25. Ke2 Qxf4 26. Rh1 Bg4+ 27. Nxg4 Qxg4+ 28. Kd2 Qf4+ 29. Kc3 a5 30. b5 f5 31. exf5 Rxf5 32. Rag1 Qd4+ 33. Kb3 Raf8 34. Rg2 Rxf2 35. Rxg7+ Kxg7 36. Qc1 Qxd3+ 37. Qc3 Qxc3+ 38. Kxc3 R8f3# 0-1

[Event "4NCL Online Division 4"]
[Site "online"]
[Date "2021.09.07"]
[EventDate "2021.09.07"]
[Round "2.92"]
[White "Hasan, Abu"]
[WhiteElo "1402"]
[WhiteTeam "Uxbridge Destroyers"]
[Black "Jones, Huw"]
[BlackElo "1617"]
[BlackTeam "Morriston Benko"]
[Result "0-1"]
[PlyCount "110"]

1. e4 c5 2. Nf3 e6 3. d4 cxd4 4. Nxd4 Bc5 5. e5 Qb6 6. c3 Nc6 7. Qg4 Nge7 8. Qe2 Bxd4 9. cxd4 Qxd4 10. Nc3 Qxe5 11. f4 Qxe2+ 12. Bxe2 Nd4 13. Bd3 O-O 14. Be3 Nec6 15. O-O-O g6 16. h4 Nf5 17. Bf2 d5 18. g4 Nd6 19. Bc5 Rd8 20. h5 b6 21. Bf2 Bd7 22. Bh4 Rdc8 23. Kb1 a5 24. hxg6 fxg6 25. Bf6 Ne8 26. Bh4 a4 27. f5 Ne5 28. Be2 a3 29. fxg6 hxg6 30. Nb5 axb2 31. Rh2 Rc5 32. Rdh1 Rc1+ 33. Kxb2 Rxh1 34. Rxh1 Nc4+ 35. Bxc4 dxc4 36. Nd4 e5 37. Nc2 Bxg4 38. Rf1 b5 39. Rg1 Bf5 40. Ne3 Kf7 41. Bg3 Ke6 42. Bh4 Nf6 43. Be1 Ne4 44. Bb4 Rh8 45. a3 Nf2 46. Rf1 Nd3+ 47. Kc3 Rh3 48. Nxf5 gxf5 49. Kc2 Nxb4+ 50. axb4 Rb3 51. Rh1 Rxb4 52. Rh6+ Kd5 53. Rh8 Rb3 54. Rd8+ Ke4 55. Re8 f4 0-1

[Event "4NCL Online Division 4"]
[Site "online"]
[Date "2021.09.07"]
[EventDate "2021.09.07"]
[Round "2.93"]
[White "Salisbury, Philip"]
[WhiteElo "1485"]
[WhiteTeam "Morriston Benko"]
[Black "Tarigopula, Varish"]
[BlackElo "1366"]
[BlackTeam "Uxbridge Destroyers"]
[Result "0-1"]
[PlyCount "86"]

1. d4 d5 2. e4 dxe4 3. Nc3 Nf6 4. f3 exf3 5. Qxf3 Qxd4 6. Be3 Qg4 7. Qf2 Qe6 8. O-O-O Ng4 9. Nd5 Qd6 10. Qf3 Bd7 11. Nb6 Qc6 12. Qxc6 Nxc6 13. Nxa8 Nxe3 14. Re1 Nxf1 15. Rxf1 Kd8 16. Rd1 Kc8 17. h3 e6 18. Nf3 h6 19. Rhf1 Bd6 20. a3 Kb8 21. Nxc7 Kxc7 22. b4 f6 23. Rd3 Rd8 24. Rc3 a6 25. Rd1 Be8 26. Kb1 Bg6 27. Nd4 Bf7 28. b5 Be5 29. bxc6 Rxd4 30. cxb7+ Kxb7 31. Rxd4 Bxd4 32. Rd3 e5 33. c3 Bg6 34. cxd4 Bxd3+ 35. Kb2 exd4 36. Kc1 Bf1 37. Kd2 Bxg2 38. Kd3 Bxh3 39. Kxd4 Bf5 40. Ke3 Kb6 41. Kf4 Bg6 42. Kg4 Kb5 43. Kf4 Ka4 0-1

[Event "4NCL Online Division 4"]
[Site "online"]
[Date "2021.09.07"]
[EventDate "2021.09.07"]
[Round "2.94"]
[White "Gauri, Dhairye"]
[WhiteElo "1347"]
[WhiteTeam "Uxbridge Destroyers"]
[Black "Tonks, Brian"]
[BlackElo "1380"]
[BlackTeam "Morriston Benko"]
[Result "1-0"]
[PlyCount "42"]

1. e4 c5 2. Nf3 Nc6 3. d4 cxd4 4. Nxd4 e5 5. Nxc6 bxc6 6. Bc4 Nf6 7. Nc3 Bb7 8. Bg5 Be7 9. O-O O-O 10. Qf3 Re8 11. Rad1 h6 12. Bh4 Qc7 13. Qh3 Nh7 14. Rxd7 Qc8 15. Rxe7 Rxe7 16. Qxc8+ Rxc8 17. Bxe7 Re8 18. Bc5 a6 19. f4 exf4 20. Rxf4 Nf6 21. Bd4 Nh5 1-0

[Event "4NCL Online Division 4"]
[Site "online"]
[Date "2021.09.07"]
[EventDate "2021.09.07"]
[Round "2.101"]
[White "Narang, Vishal"]
[WhiteElo "1534"]
[WhiteTeam "Phones Pals B"]
[Black "Agrawal, Shivam"]
[BlackElo "1871"]
[BlackTeam "Battersea Juniors"]
[Result "0-1"]
[PlyCount "60"]

1. d4 d5 2. c4 c6 3. c5 e5 4. e3 exd4 5. exd4 b6 6. b4 a5 7. bxa5 bxc5 8. dxc5 Bxc5 9. Bb2 Nf6 10. Nf3 O-O 11. Be2 Qxa5+ 12. Nbd2 Qb6 13. Bxf6 Bxf2+ 14. Kf1 gxf6 15. Qc2 Ba6 16. Bxa6 Nxa6 17. Nb3 Be3 18. g3 Nb4 19. Qb2 c5 20. Kg2 Rfe8 21. Nh4 c4 22. Qe2 cxb3 23. Qg4+ Bg5 24. Nf5 Qb5 25. Rhe1 Rxe1 26. Rxe1 bxa2 27. h4 a1=Q 28. Rxa1 Rxa1 29. hxg5 Qf1+ 30. Kh2 Qh1# 0-1

[Event "4NCL Online Division 4"]
[Site "online"]
[Date "2021.09.07"]
[EventDate "2021.09.07"]
[Round "2.102"]
[White "Dupuis, Denis K"]
[WhiteElo "1877"]
[WhiteTeam "Battersea Juniors"]
[Black "McShane, James"]
[BlackElo "1200"]
[BlackTeam "Phones Pals B"]
[Result "1/2-1/2"]
[PlyCount "45"]

1. e4 e5 2. Nf3 Nc6 3. Bc4 Nf6 4. d3 h6 5. O-O Bc5 6. c3 d6 7. Re1 O-O 8. b4 Bb6 9. a4 a6 10. Be3 Bxe3 11. fxe3 Ne7 12. Nbd2 Ng6 13. Qe2 c6 14. d4 d5 15. exd5 e4 16. Ne5 cxd5 17. Nxg6 fxg6 18. Bb3 Bg4 19. Qf2 Nh5 20. Bxd5+ Kh8 21. Bf7 Qe7 22. Nc4 Rxf7 23. Qc2 1/2-1/2

[Event "4NCL Online Division 4"]
[Site "online"]
[Date "2021.09.07"]
[EventDate "2021.09.07"]
[Round "2.103"]
[White "Suyal, Nivedita"]
[WhiteElo "1072"]
[WhiteTeam "Phones Pals B"]
[Black "Ali, Shahvez"]
[BlackElo "1801"]
[BlackTeam "Battersea Juniors"]
[Result "0-1"]
[PlyCount "98"]

1. e4 e6 2. d3 d5 3. Nd2 c5 4. g3 g6 5. Ngf3 Bg7 6. c3 Nc6 7. Bg2 Nf6 8. O-O O-O 9. Re1 b6 10. Nf1 Bb7 11. h3 Re8 12. N1h2 dxe4 13. dxe4 Qxd1 14. Rxd1 Nxe4 15. Ng4 h5 16. Ngh2 Rad8 17. Bf4 Nf6 18. Bg5 Ne7 19. Rxd8 Rxd8 20. Ne5 Bxg2 21. Kxg2 Nfd5 22. Nef3 Rd7 23. Nf1 Nf5 24. g4 hxg4 25. hxg4 Nd6 26. Ne3 Nxe3+ 27. Bxe3 Nc4 28. Rb1 Nxe3+ 29. fxe3 f5 30. gxf5 exf5 31. Kf2 Kf7 32. Ng5+ Kf6 33. Nh7+ Ke5 34. Ng5 Rd2+ 35. Kf1 Kd5 36. Nf3 Rc2 37. Ke1 Ke4 38. Kd1 Rf2 39. Nh4 Kd3 40. Ke1 Rh2 41. Rd1+ Kxe3 42. Ng2+ Rxg2 43. Kf1 Rxb2 44. Rd7 Bxc3 45. Rxa7 Kf3 46. Kg1 Bd4+ 47. Kh1 Rb1+ 48. Kh2 Be5+ 49. Kh3 Rh1# 0-1

[Event "4NCL Online Division 4"]
[Site "online"]
[Date "2021.09.07"]
[EventDate "2021.09.07"]
[Round "2.104"]
[White "Steiners, Emils"]
[WhiteElo "1713"]
[WhiteTeam "Battersea Juniors"]
[Black "Benson, Alice"]
[BlackElo "740"]
[BlackTeam "Phones Pals B"]
[Result "1-0"]
[PlyCount "99"]

1. e4 c5 2. d4 cxd4 3. c3 d5 4. exd5 Qxd5 5. cxd4 Nc6 6. Nf3 Bg4 7. Nc3 Qd7 8. Bb5 Bxf3 9. Qxf3 a6 10. Ba4 e6 11. O-O Nf6 12. Re1 Be7 13. Bf4 O-O 14. Bxc6 bxc6 15. Red1 Nd5 16. Ne4 Nxf4 17. Qxf4 Rfd8 18. h3 Rab8 19. b3 Rb4 20. Rac1 Rxd4 21. Rxd4 Qxd4 22. Rxc6 Qa1+ 23. Kh2 Qxa2 24. Qc7 Qa3 25. Nc5 Kf8 26. Nb7 Re8 27. Rd6 g6 28. Rd7 Qb4 29. g3 Qe1 30. Kg2 Qe4+ 31. Kh2 Qe1 32. Kg2 Qe4+ 33. Kf1 Qb1+ 34. Ke2 Qe4+ 35. Kd1 Qb1+ 36. Kd2 Qb2+ 37. Ke3 Qxb3+ 38. Ke2 Qb2+ 39. Kf3 Qb3+ 40. Kg2 Qb5 41. Na5 Qc5 42. Nc6 Qb5 43. Nxe7 Rxe7 44. Rxe7 Qd5+ 45. Kh2 Qf3 46. Qd8+ Kg7 47. Qd4+ Kf8 48. Rd7 e5 49. Rd8+ Ke7 50. Qd6# 1-0

[Event "4NCL Online Division 4"]
[Site "online"]
[Date "2021.09.07"]
[EventDate "2021.09.07"]
[Round "2.111"]
[White "Pope, Martin"]
[WhiteElo "1658"]
[WhiteTeam "Cornish Pirates"]
[Black "Phillips, David"]
[BlackElo "1376"]
[BlackTeam "MK Phoenix 3"]
[Result "1-0"]
[PlyCount "47"]

1. Nf3 d5 2. d4 e6 3. c4 Nf6 4. Bg5 h6 5. Bh4 Be7 6. e3 O-O 7. cxd5 exd5 8. Nc3 Be6 9. Qb3 b6 10. Be2 c6 11. O-O Nbd7 12. Rac1 Ne4 13. Bxe7 Qxe7 14. Rfd1 Rac8 15. Ba6 Rc7 16. Nb5 Nb8 17. Nxc7 Qxc7 18. Bd3 f6 19. Bxe4 Re8 20. Bxd5 Bxd5 21. Qxd5+ cxd5 22. Rxc7 a6 23. Rdc1 Kh7 24. Rc8 1-0

[Event "4NCL Online Division 4"]
[Site "online"]
[Date "2021.09.07"]
[EventDate "2021.09.07"]
[Round "2.112"]
[White "Cox, Lucian"]
[WhiteElo "1362"]
[WhiteTeam "MK Phoenix 3"]
[Black "Smith, Richard AL"]
[BlackElo "1698"]
[BlackTeam "Cornish Pirates"]
[Result "0-1"]
[PlyCount "104"]

1. e4 e5 2. f4 exf4 3. Nf3 g5 4. Nc3 h5 5. Bc4 d6 6. h4 gxh4 7. Nxh4 Be7 8. Nf5 Bxf5 9. exf5 Bh4+ 10. Kf1 Bg3 11. Rxh5 Rxh5 12. Qxh5 Qe7 13. Ne4 Nd7 14. Nxg3 fxg3 15. Qg4 O-O-O 16. Qxg3 Ngf6 17. d3 Rh8 18. Be3 Nh5 19. Qf3 Ne5 20. Qh3 Qf6 21. Bd5 Nf4 22. Bxb7+ Kxb7 23. Qg3 Rh1+ 24. Bg1 Qxf5 25. d4 Rxg1+ 26. Kxg1 Ne2+ 27. Kh2 Nxg3 28. Kxg3 Qg4+ 29. Kf2 Qxd4+ 30. Kg3 Qxb2 31. Rd1 Qxc2 32. Rf1 Qd3+ 33. Kf2 Qd2+ 34. Kg1 Qxa2 35. g3 Qb3 36. Kh2 Qd3 37. Kg2 f5 38. Kg1 Qxg3+ 39. Kh1 Ng4 40. Rb1+ Kc8 41. Rb2 Qf3+ 42. Kg1 Ne3 43. Kh2 f4 44. Kg1 Qd1+ 45. Kh2 f3 46. Kg3 Nc2 47. Kh3 f2 48. Kh2 f1=Q 49. Kg3 Qdf3+ 50. Kh4 Q1f2+ 51. Kg5 Q2g3+ 52. Kh6 Qh1# 0-1

[Event "4NCL Online Division 4"]
[Site "online"]
[Date "2021.09.07"]
[EventDate "2021.09.07"]
[Round "2.113"]
[White "Miller, Daniel"]
[WhiteElo "1592"]
[WhiteTeam "Cornish Pirates"]
[Black "Wayne, Steven"]
[BlackElo "1189"]
[BlackTeam "MK Phoenix 3"]
[Result "1-0"]
[PlyCount "52"]

1. e4 c6 2. d4 d5 3. f3 e6 4. Be3 Qb6 5. b3 e5 6. exd5 cxd5 7. Qd2 Qd6 8. Nc3 a6 9. Nge2 Nf6 10. dxe5 Qxe5 11. Bd4 Qd6 12. Bxf6 Qxf6 13. Qxd5 Bb4 14. Qe4+ Be7 15. Rd1 O-O 16. Nd5 Qe6 17. Nxe7+ Kh8 18. Qxe6 fxe6 19. Nxc8 Rxc8 20. Nf4 e5 21. Ne6 Nc6 22. Bc4 b5 23. Bd5 Ra7 24. Bxc6 Kg8 25. Rd8+ Rxd8 26. Nxd8 Rc7 1-0

[Event "4NCL Online Division 4"]
[Site "online"]
[Date "2021.09.07"]
[EventDate "2021.09.07"]
[Round "2.114"]
[White "Cutler, Matthew"]
[WhiteElo "1029"]
[WhiteTeam "MK Phoenix 3"]
[Black "Nancarrow, Richard"]
[BlackElo "1499"]
[BlackTeam "Cornish Pirates"]
[Result "0-1"]
[PlyCount "82"]

1. e4 e5 2. Nf3 Nf6 3. Nxe5 d6 4. Nf3 Nxe4 5. d4 Nf6 6. Bd3 Qe7+ 7. Be2 Bg4 8. h3 Bxf3 9. gxf3 Nc6 10. Be3 Nd5 11. Qd2 g6 12. Nc3 Nxc3 13. Qxc3 Bg7 14. O-O-O O-O-O 15. f4 Rde8 16. Qa3 Bxd4 17. Bg4+ f5 18. Bxd4 Nxd4 19. Rxd4 fxg4 20. Qxa7 gxh3 21. Qa8+ Kd7 22. Qxb7 h2 23. Qg2 Qf6 24. Qh3+ Kd8 25. Ra4 Ke7 26. Qxh2 Kf7 27. Ra7 Re7 28. Qh4 Qxh4 29. Rxh4 h5 30. a4 Rhe8 31. b3 Re1+ 32. Kb2 R8e7 33. Rb7 c5 34. Rxe7+ Rxe7 35. Rh3 Re4 36. Rd3 Ke6 37. Re3 Rxe3 38. fxe3 h4 39. a5 Kd7 40. Kc1 h3 41. Kd2 h2 0-1

[Event "4NCL Online Division 4"]
[Site "online"]
[Date "2021.09.07"]
[EventDate "2021.09.07"]
[Round "2.121"]
[White "Morgan, Philip D"]
[WhiteElo "1786"]
[WhiteTeam "Ashfield Anonymous C"]
[Black "Podlesak, Mark"]
[BlackElo "1781"]
[BlackTeam "Shropshire and Friends 4"]
[Result "1/2-1/2"]
[PlyCount "105"]

1. e4 d5 2. exd5 Qxd5 3. Nc3 Qd6 4. d4 Nf6 5. Nf3 c6 6. g3 Bf5 7. Bg2 h6 8. O-O e6 9. Bf4 Qd8 10. Re1 Be7 11. a3 O-O 12. Ne5 Nbd7 13. Nc4 Nb6 14. Nxb6 Qxb6 15. Na4 Qa5 16. c3 Rad8 17. b4 Qa6 18. Bf1 b5 19. Nc5 Bxc5 20. bxc5 Nd5 21. Bd2 Qb7 22. c4 bxc4 23. Bxc4 Rfe8 24. Qc1 Nf6 25. Be3 Ng4 26. Ra2 Nxe3 27. fxe3 e5 28. Rb2 Qc8 29. e4 Bg6 30. d5 Bxe4 31. Rxe4 cxd5 32. Bxd5 Rxd5 33. Rc2 Qc6 34. Qe3 Qb5 35. Kg2 Qc6 36. Kf2 f5 37. Rb4 Rd7 38. Qb3+ Kh7 39. Rb8 Rc7 40. Rxe8 Qxe8 41. Qf3 Qe6 42. Qc3 Rc6 43. Re2 e4 44. Ke3 Qd5 45. Rc2 Kg6 46. Qd4 Qb3+ 47. Rc3 Qb1 48. Qd2 Qg1+ 49. Kf4 Qf1+ 50. Ke5 Qa6 51. Qd7 Qc8 52. Qe7 Rf6 53. Rb3 1/2-1/2

[Event "4NCL Online Division 4"]
[Site "online"]
[Date "2021.09.07"]
[EventDate "2021.09.07"]
[Round "2.122"]
[White "Smith, Mark"]
[WhiteElo "1753"]
[WhiteTeam "Shropshire and Friends 4"]
[Black "Pettinger, Martin"]
[BlackElo "1759"]
[BlackTeam "Ashfield Anonymous C"]
[Result "0-1"]
[PlyCount "77"]

1. e4 c5 2. Nc3 Nc6 3. f4 g6 4. Nf3 Bg7 5. Bb5 Nd4 6. O-O a6 7. Bc4 b5 8. Bd5 Rb8 9. d3 e6 10. Bb3 Ne7 11. Ne2 Nxf3+ 12. Rxf3 d5 13. c3 Bb7 14. Ng3 dxe4 15. dxe4 O-O 16. Rd3 Qc8 17. Bc2 Rd8 18. Be3 c4 19. Rxd8+ Qxd8 20. Qe2 Qc7 21. Qf2 h5 22. Bb6 Qc6 23. Rd1 b4 24. cxb4 h4 25. Ne2 h3 26. Qc5 hxg2 27. Qxc6 Nxc6 28. Bc5 Bxb2 29. Kxg2 Ba8 30. Rb1 Ba3 31. b5 Bxc5 32. bxc6 Rc8 33. Ba4 Bxc6 34. Bxc6 Rxc6 35. Rc1 Bb4 36. Nd4 Rc8 37. Nc2 Bd2 38. Rd1 Bxf4 39. Kf3 0-1

[Event "4NCL Online Division 4"]
[Site "online"]
[Date "2021.09.07"]
[EventDate "2021.09.07"]
[Round "2.123"]
[White "Shaw, John S"]
[WhiteElo "1810"]
[WhiteTeam "Ashfield Anonymous C"]
[Black "Wilkinson, James P"]
[BlackElo "1714"]
[BlackTeam "Shropshire and Friends 4"]
[Result "1/2-1/2"]
[PlyCount "54"]

1. d4 d5 2. c4 e6 3. Nf3 Nf6 4. g3 Be7 5. Bg2 O-O 6. O-O dxc4 7. Qc2 a6 8. a4 Bd7 9. Qxc4 Bc6 10. Bf4 Bd6 11. Qc1 Nbd7 12. Nc3 Nd5 13. Nxd5 Bxd5 14. Re1 Nf6 15. Bg5 Be4 16. Nh4 Bxg2 17. Kxg2 h6 18. Bxf6 Qxf6 19. Nf3 Rac8 20. e4 Bb4 21. Rd1 Rfd8 22. Qc2 c6 23. Rac1 Qe7 24. Ne5 Bd6 25. Nf3 Bb4 26. Ne5 Bd6 27. Nf3 Bb4 1/2-1/2

[Event "4NCL Online Division 4"]
[Site "online"]
[Date "2021.09.07"]
[EventDate "2021.09.07"]
[Round "2.124"]
[White "Hilditch-Love, Daniel"]
[WhiteElo "1704"]
[WhiteTeam "Shropshire and Friends 4"]
[Black "Graham, Neil"]
[BlackElo "1755"]
[BlackTeam "Ashfield Anonymous C"]
[Result "1/2-1/2"]
[PlyCount "40"]

1. Nf3 Nf6 2. b3 d5 3. Bb2 e6 4. e3 c5 5. c4 dxc4 6. Bxc4 Be7 7. O-O h6 8. Be2 Nc6 9. a3 O-O 10. d3 b6 11. Nbd2 Ba6 12. d4 Bxe2 13. Qxe2 cxd4 14. Nxd4 Nxd4 15. Bxd4 Nd7 16. Rfd1 Bf6 17. Nf3 Bxd4 18. Rxd4 Qe7 19. Rad1 Nf6 20. Qb2 Rfd8 1/2-1/2

[Event "4NCL Online Division 4"]
[Site "online"]
[Date "2021.09.07"]
[EventDate "2021.09.07"]
[Round "2.131"]
[White "Pearce, Mark"]
[WhiteElo "1750"]
[WhiteTeam "Hackney Hungry"]
[Black "Bentley, John L"]
[BlackElo "2146"]
[BlackTeam "Ashton"]
[Result "0-1"]
[PlyCount "118"]

1. e4 c5 2. d4 cxd4 3. c3 d3 4. Bxd3 d6 5. Nf3 Nf6 6. O-O Nc6 7. c4 g6 8. h3 Bg7 9. Be3 O-O 10. Nc3 Nd7 11. Rc1 Nc5 12. Bb1 b6 13. b3 Bb7 14. Qd2 Ne5 15. Nxe5 dxe5 16. Rfd1 Qxd2 17. Rxd2 Rfd8 18. Rcd1 Rxd2 19. Rxd2 Ne6 20. Nd5 Kf8 21. f3 Rc8 22. Kf2 Nd4 23. g4 e6 24. Nc3 Rd8 25. Ne2 Ke7 26. h4 h6 27. h5 gxh5 28. gxh5 Bf6 29. f4 Nc6 30. Rxd8 Kxd8 31. f5 Bg7 32. fxe6 fxe6 33. Nc3 Nd4 34. b4 Bc6 35. c5 bxc5 36. bxc5 Be8 37. Bd3 Bxh5 38. Nb5 Nc6 39. Nd6 Kc7 40. Bc4 Nd4 41. Nb5+ Kb7 42. a4 a6 43. Nd6+ Kc6 44. Bxa6 Kxc5 45. Nb5 Kb4 46. Nc7 Bg6 47. Bb5 Bxe4 48. Bd2+ Kc5 49. Ne8 Bf8 50. Nf6 Bc6 51. Bxc6 Kxc6 52. Ng4 Kd5 53. Bxh6 Bxh6 54. Nxh6 Nb3 55. Ke3 Nd4 56. a5 Nf5+ 57. Kd3 Nxh6 58. a6 Kc6 59. Ke4 Nf7 0-1

[Event "4NCL Online Division 4"]
[Site "online"]
[Date "2021.09.07"]
[EventDate "2021.09.07"]
[Round "2.132"]
[White "McBeath, Joel"]
[WhiteElo "1686"]
[WhiteTeam "Ashton"]
[Black "Caceres de la Calle, Eduardo"]
[BlackElo "1687"]
[BlackTeam "Hackney Hungry"]
[Result "1-0"]
[PlyCount "147"]

1. e4 e5 2. Nf3 Nc6 3. Bb5 a6 4. Ba4 Nf6 5. O-O Be7 6. Re1 b5 7. Bb3 d6 8. c3 Na5 9. Bc2 c5 10. d4 Qc7 11. Nbd2 O-O 12. h3 Re8 13. Nf1 Bf8 14. Bg5 Nd7 15. Ng3 g6 16. d5 f6 17. Bc1 Bg7 18. h4 Nf8 19. Nh2 Bd7 20. h5 Nc4 21. Qf3 Nb6 22. Ng4 Bxg4 23. Qxg4 Qd7 24. Qh4 g5 25. Qh2 h6 26. Nf5 a5 27. Qh3 Rec8 28. g3 Rc7 29. f4 exf4 30. gxf4 Nh7 31. Bd1 Re8 32. Bg4 Qd8 33. Qd3 c4 34. Qc2 Nxd5 35. Rd1 Nxf4 36. Bxf4 gxf4 37. Nxd6 Qe7 38. Nxe8 Qxe8 39. Qd2 Re7 40. Qd5+ Kh8 41. Bd7 Qb8 42. Bf5 f3 43. Qd8+ Qxd8 44. Rxd8+ Nf8 45. Kf2 Kg8 46. Rad1 Kf7 47. Kxf3 Rb7 48. Bc8 Ra7 49. R1d5 Ke7 50. Bf5 b4 51. Rc8 b3 52. Rxc4 bxa2 53. Ra4 a1=Q 54. Rxa1 Rb7 55. Ra2 Ne6 56. Bxe6 Kxe6 57. Rdxa5 Bf8 58. Ra6+ Bd6 59. c4 Ke5 60. R2a5+ Ke6 61. Rd5 Rb3+ 62. Kg4 Rg3+ 63. Kh4 Rg1 64. Raxd6+ Ke7 65. Rd1 Rg2 66. c5 Rxb2 67. c6 Rc2 68. Rd7+ Ke6 69. c7 f5 70. exf5+ Kxf5 71. Rf7+ Ke6 72. Rh7 Kf5 73. Rf1+ Ke6 74. Rf8 1-0

[Event "4NCL Online Division 4"]
[Site "online"]
[Date "2021.09.07"]
[EventDate "2021.09.07"]
[Round "2.133"]
[White "Burgoyne, Peter A"]
[WhiteElo "1665"]
[WhiteTeam "Hackney Hungry"]
[Black "Supatan, Denzel"]
[BlackElo "1544"]
[BlackTeam "Ashton"]
[Result "1-0"]
[PlyCount "37"]

1. e4 e6 2. Nf3 d5 3. e5 c5 4. b4 cxb4 5. d4 Nc6 6. a3 bxa3 7. c3 Be7 8. Bd3 f6 9. Nxa3 a6 10. O-O Qc7 11. Re1 fxe5 12. dxe5 Bc5 13. Nb5 Qb6 14. Nbd4 Nge7 15. Be3 O-O 16. Bxh7+ Kh8 17. Ng5 Bxd4 18. Qh5 Re8 19. Nf7# 1-0

[Event "4NCL Online Division 4"]
[Site "online"]
[Date "2021.09.07"]
[EventDate "2021.09.07"]
[Round "2.134"]
[White "Mundy, Jack"]
[WhiteElo "1544"]
[WhiteTeam "Ashton"]
[Black "Frankl, Mischa"]
[BlackElo "1716"]
[BlackTeam "Hackney Hungry"]
[Result "0-1"]
[PlyCount "38"]

1. e4 c5 2. Nc3 Nc6 3. f4 g6 4. Bc4 e6 5. Nf3 Bg7 6. d3 a6 7. a4 Nge7 8. Be3 d5 9. exd5 exd5 10. Nxd5 Nxd5 11. Bxc5 Qa5+ 12. b4 Ncxb4 13. Qe2+ Be6 14. Ng5 Nxf4 15. Qe4 Nbxd3+ 16. Kf1 Qxc5 17. cxd3 Qxg5 18. g3 Bxa1 19. gxf4 Qe7 0-1

[Event "4NCL Online Division 4"]
[Site "online"]
[Date "2021.09.07"]
[EventDate "2021.09.07"]
[Round "2.141"]
[White "Nield, Robert C"]
[WhiteElo "1700"]
[WhiteTeam "Shropshire and Friends 5"]
[Black "Thackray, John"]
[BlackElo "1929"]
[BlackTeam "St Andrews White Cross"]
[Result "1/2-1/2"]
[PlyCount "71"]

1. d4 d5 2. c4 e6 3. Nf3 Nf6 4. Nc3 c6 5. e3 Bd6 6. Bd3 O-O 7. e4 dxe4 8. Nxe4 Nxe4 9. Bxe4 f5 10. Bd3 Nd7 11. O-O Nf6 12. Re1 Re8 13. b3 c5 14. Bb2 cxd4 15. Nxd4 Qc7 16. h3 Bd7 17. Rc1 Bf4 18. Rc2 Rad8 19. Rce2 e5 20. Nb5 Bxb5 21. cxb5 e4 22. Bc4+ Kh8 23. Qc2 Be5 24. Rd2 Rxd2 25. Qxd2 Bxb2 26. Qxb2 Rd8 27. Qc2 Qd6 28. a4 b6 29. Be2 Qd2 30. Qxd2 Rxd2 31. Bf1 g6 32. Ra1 f4 33. a5 e3 34. fxe3 fxe3 35. axb6 axb6 36. Re1 1/2-1/2

[Event "4NCL Online Division 4"]
[Site "online"]
[Date "2021.09.07"]
[EventDate "2021.09.07"]
[Round "2.142"]
[White "Rich, Aaron"]
[WhiteElo "1774"]
[WhiteTeam "St Andrews White Cross"]
[Black "Lockett, Daniel"]
[BlackElo "1694"]
[BlackTeam "Shropshire and Friends 5"]
[Result "0-1"]
[PlyCount "50"]

1. b3 e5 2. Bb2 Nc6 3. e3 d6 4. Bb5 Bd7 5. Ne2 a6 6. Bxc6 Bxc6 7. O-O Qg5 8. Ng3 h5 9. f4 Qg6 10. Qe2 h4 11. f5 Qg5 12. Nh1 h3 13. g3 Nf6 14. Nc3 Bg2 15. Rf2 Ng4 16. Rxg2 hxg2 17. Qxg2 Rxh2 18. Qxb7 Rd8 19. Qc6+ Rd7 20. Nd5 Qxf5 21. Nxc7+ Kd8 22. Nd5 Rxh1+ 23. Kxh1 Qf3+ 24. Kg1 Qf2+ 25. Kh1 Qh2# 0-1

[Event "4NCL Online Division 4"]
[Site "online"]
[Date "2021.09.07"]
[EventDate "2021.09.07"]
[Round "2.143"]
[White "Bailey, Adrian"]
[WhiteElo "1678"]
[WhiteTeam "Shropshire and Friends 5"]
[Black "Triffitt, Bradley"]
[BlackElo "1589"]
[BlackTeam "St Andrews White Cross"]
[Result "1-0"]
[PlyCount "67"]

1. Nf3 d5 2. d4 Nf6 3. c4 e6 4. Nc3 c5 5. cxd5 exd5 6. e3 Nc6 7. Be2 Bf5 8. O-O cxd4 9. Nxd4 Nxd4 10. exd4 a6 11. Qb3 Qd7 12. Re1 Be7 13. Bg5 Be6 14. Bf3 Rd8 15. Bxf6 gxf6 16. Na4 Kf8 17. Rac1 Rg8 18. Nc5 Bxc5 19. Rxc5 b6 20. Qxb6 Kg7 21. Rc7 Qd6 22. Rxe6 Qf4 23. Rec6 Rb8 24. Qa7 Rgf8 25. Bxd5 Kg6 26. Rxf7 Rxb2 27. Rg7+ Kh6 28. Rxh7+ Kg5 29. Qg7+ Kf5 30. Rh5+ Qg5 31. Rxg5+ fxg5 32. Qxf8+ Kg4 33. h3+ Kh4 34. Rh6# 1-0

[Event "4NCL Online Division 4"]
[Site "online"]
[Date "2021.09.07"]
[EventDate "2021.09.07"]
[Round "2.144"]
[White "Stamp, Edward"]
[WhiteElo "1446"]
[WhiteTeam "St Andrews White Cross"]
[Black "Love, Phil"]
[BlackElo "1599"]
[BlackTeam "Shropshire and Friends 5"]
[Result "0-1"]
[PlyCount "70"]

1. d4 Nf6 2. c4 d5 3. cxd5 Nxd5 4. e4 Nb6 5. Nf3 Bg4 6. Be2 e6 7. Nc3 Bd6 8. e5 Be7 9. O-O O-O 10. h3 Bh5 11. Be3 c6 12. Rc1 Bg6 13. Bd3 Nd5 14. Nxd5 cxd5 15. Bxg6 fxg6 16. Qd2 Nc6 17. Ng5 Qd7 18. Rc2 Nb4 19. Rcc1 Nxa2 20. Ra1 Nb4 21. b3 Rfc8 22. Rfc1 a6 23. Qd1 h6 24. Nf3 Rc6 25. Ne1 Rac8 26. Bd2 Rxc1 27. Bxc1 Nc6 28. Qd3 Kh7 29. Ba3 Bxa3 30. Rxa3 Nb4 31. Qe3 Qc6 32. Ra1 Nc2 33. Nxc2 Qxc2 34. Kh2 Qc3 35. Qf4 Qxa1 0-1